BIBLIOTHÈQUE DE LA MAISON DU MEXIQUE

Logo 1 Logo 2

Crimen sin castigo (notice nᵒ 5030)

détails MARC
000 -Sello discográfico
campo de control de longitud fija 01075nam0a2200301 4500
005 - Identificación de versión
campo de control 20251016083951.0
010 ## - Número Estándar Internacional de Libros (ISBN)
Número (ISBN) 968-16-7164-3
035 ## - Otros números de control del sistema
Número de control del sistema 32729
099 ## - fechas locales
Tipo de ítem Koha LIBRO
100 ## - Datos de procesamiento general
Datos de procesamiento general 20110919d2004 m y0spay5003 ba
105 ## - Campo de datos codificados: Material textual, monográfico
Datos codificados de monografía a 001zy
200 1# - Título y mención de responsabilidad
Título propio Crimen sin castigo
Designación general del material texto impreso
Otra información del título procuración de justicia penal y ministerio público en México
Primer mención de responsabilidad Guillermo Zepeda Lecuona
205 ## - Declaración de edición
Declaración de edición 1a reimpr de la 1a ed
210 ## - Publicación, distribución, etc.
Lugar de publicación, distribución, etc. México
Nombre del editor, distribuidor, etc. Centro de Investigación para el Desarrollo
-- Fondo de Cultura Económica
Fecha de publicación, distribución, etc. 2004
215 ## - Descripción física
Designación de material específico y extensión del ítem 462 p
Otras características físicas il.
Dimensiones 21 cm
320 ## - Nota de índices/bibliografías internas
Texto de la nota Incluye bibliografía: p.441-458
345 ## - Nota de información de adquisición
Fuente de adquisición/dirección de la suscripción [OBSOLETO] Donación 'Salon du Livre 2009'
410 #1 - Series
Título Sección de Obras de Política y Derecho
606 ## - Término temático usado como materia
Elemento de entrada Administración de justicia penal
Subdivisión geográfica México
Número Koha 9831
606 ## - Término temático usado como materia
Elemento de entrada Crimen
Subdivisión geográfica México
Número Koha 9832
700 ## - Nombre personal - Responsabilidad primaria
Elemento de entrada Zepeda Lecuona
Parte del nombre distinta del elemento de entrada Guillermo
Número Koha 9833
801 #0 - Fuente de origen
País FR
Agencia cm
Reglas de catalogación (convenciones descriptivas) AFNOR
900 ## -
-- 1/20489
942 ## - ELEMENTOS DE ENTRADA SECUNDARIOS (KOHA)
Tipo de ítem Koha Livre
996 ## -
-- MEX
-- 751145101
-- MMAG
-- 000375
-- 364.972 Z57C
-- 20110919LIV
Exemplaires
Estatus retirado Estado de daño Estado de pérdida Fecha de adquisición Biblioteca de origen Biblioteca actual Ubicación en estantería Código de barras Precio de reemplazo Signatura topográfica completa No para préstamo Tipo de ítem Koha Nota pública Nota no pública
      05/08/2025 Casa México Paris Casa México Paris   000375 05/08/2025 364.972 Z57C   Livre 20110919LIV 751145101